Statistics for SZA - Prom (All Lyrics)

Click here to take the quiz!

General Stats

  • This quiz has been taken 51 times
  • The average score is 266 of 325

Answer Stats

Answer% Correct
a
100%
I
100%
no
97%
up,
97%
up
97%
better,
94%
better
94%
do
94%
do,
94%
feel
94%
Feel
94%
growing
94%
promise
94%
Promise
94%
time
94%
to
94%
wasting
94%
you)
94%
you
94%
Fearing
92%
get
92%
I'm
92%
just
92%
Like
92%
like
92%
little
92%
me,
92%
me)
92%
me
92%
of
92%
older,
92%
older
92%
as
89%
go,
89%
now
89%
(Sh-
89%
sh-
89%
shame,
89%
shame
89%
waiting
89%
bit
86%
bit,
86%
But
86%
but
86%
in
86%
it
86%
it,
86%
keep
86%
on
86%
Right
86%
should
86%
Shoulda
86%
shoulda
86%
sick
86%
Am
83%
and
83%
can't
83%
can't,
83%
need
83%
patient
83%
prolly
83%
(so
83%
so
83%
your
83%
at
81%
don't
81%
enough?
81%
keeping
81%
night
81%
not
81%
personal
81%
pouring
81%
pouring,
81%
take
81%
us,
81%
usually
81%
you're
81%
coulda
78%
doing
78%
let
78%
out
78%
please
78%
please,
78%
Please
78%
feeling
75%
for
75%
know
75%
never
75%
the
75%
lately
72%
put
72%
forget
69%
Forget
69%
pull
69%
wanna
69%
been
67%
call
67%
darling,
67%
my
67%
yourself
67%
future,
64%
hide
64%
mama
64%
weekend
64%
will
64%
good
61%
you've
61%
dodging
56%
make
56%
oh
56%
oh,
56%
witches
56%
away)
53%
easier
53%
far
53%
fields
53%
poppy
53%
run
53%
somewhere
53%
through
53%
Baby
50%
evil
50%
money
50%
these
50%
dropping
47%
everywhere
47%
fall
47%
Hopping
47%
houses
44%
it's
44%
really
44%
off
36%
winters
28%
heavy
25%
stand
25%
falling
19%
is
17%
rainin'
17%
snow
17%
this
17%
hurts
11%

Score Distribution

Percentile by Number Answered

Percent of People with Each Score

Your Score History

You have not taken this quiz